Wszystkie Piosenki - Hubert. - Statystyki

Ogólne statystyki
  • Ten quiz został rozwiązany 162 razy
  • Średni wynik to 34 z 48
Statystyki odpowiedzi
Hint Odpowiedź % Poprawnych
wizuale wizuale
93%
dzieci śmieci dzieci śmieci
89%
kolorowe domy DM
86%
święty spokój święty spokój
86%
kolorowe domy kobayashi
85%
wizuale cotton candy *późno w nocy*
84%
wizuale oda do introwertyków
84%
kolorowe domy tw gały to mój basen
79%
kolorowe domy aspiryna
77%
pttk GOPR 4 paki
77%
wizuale !! komary !!
77%
święty spokój tryb księżyc
77%
kolorowe domy brązowy cukier
76%
kolorowe domy room tour
76%
święty spokój szara bluza
75%
kolorowe domy chyba zetne kłaki
74%
kolorowe domy sauna 90
74%
singiel balkon
73%
kolorowe domy *nie słysze bo wieje*
73%
święty spokój PKP
73%
kolorowe domy po co mi to???
73%
singiel sowy
73%
pttk acid na Gubałówce
70%
singiel tańce
70%
dzieci śmieci wolfie cindy interlude
70%
singiel 3 w nocy
69%
dzieci śmieci rupafin
69%
singiel tempelhof
69%
wizuale turkusowe kartony
69%
pttk kurier dalej czeka
68%
singiel 08 ford
67%
dzieci śmieci ja i moi kumple
67%
wizuale trz3ci wymiar
67%
dzieci śmieci pięknie>>>2020
66%
święty spokój prysznic
66%
singiel stasiu groński
65%
święty spokój takmusiałobyć:*
65%
pttk pełne spioły
64%
święty spokój side quest
64%
pttk daleko od domu
63%
dzieci śmieci drive thru
63%
singiel prawy brzeg
62%
dzieci śmieci rafał maserak freestyle
61%
pttk birkenstock
57%
wizuale soundtrack do latania *to nie pożegnanie*
56%
singiel kima
55%
pttk wyjdziemy na swoje
55%
kolorowe domy 24 na 7
53%
Nie znaleziono quizów pasujących do podanych kryteriów
Rozkład punktacji
Procent ludzi z każdym wynikiem
Percentyl według liczby udzielonych odpowiedzi
Twoja historia wyników
Nie rozwiązałeś tego quizu